| 000 | 02706nam0a2200445 4500 | ||
|---|---|---|---|
| 001 | RU\NLR\BIBL_A\022581677 | ||
| 005 | 20260422101329.0 | ||
| 010 |
_a978-5-9704-9346-5 _9300 |
||
| 021 |
_aRU _bКН-П-25-028349 _9КН-П-25-2811 |
||
| 035 | _a(NLR Aleph) 022581677 | ||
| 090 |
_a13677238 _c13677238 |
||
| 100 | _a20250708d2025 k y0rusy50 ca | ||
| 101 | 0 | _arus | |
| 102 | _aRU | ||
| 105 | _aa|||z|||000yy | ||
| 181 | 0 |
_ai3 _baxxe |
|
| 182 | 0 | _an | |
| 200 | 1 |
_aЦелиакия у детей и взрослых _f[Бельмер Сергей Викторович, доктор медицинских наук, профессор, академик РАЕН, заслуженный работник здравоохранения РФ, Ревнова Мария Олеговна, доктор медицинских наук, профессор, заслуженный врач РФ, Кондратьева Елена Ивановна, доктор медицинских наук, профессор и др.] _gпод редакцией профессора С. В. Бельмера, профессора М. О. Ревновой |
|
| 203 |
_aТекст _bвизуальный _cнепосредственный |
||
| 210 |
_aМосква _cГЭОТАР-Медиа _d2025 |
||
| 215 |
_a293, [1] с., [2] л. цв. ил. _cил., табл. _d21 |
||
| 225 | 1 | _aЗолотая серия мировых медицинских бестселлеров | |
| 300 | _aАвт. указаны на 6-й с. | ||
| 320 | _aБиблиогр. в конце разд. и гл. | ||
| 606 | 1 |
_aЦелиакия _3RU\NLR\AUTH\66300138 |
|
| 686 | 1 | _aР413.302 | |
| 686 | 1 | _aР733.413.302 | |
| 701 | 1 |
_aБельмер _bС. В. _f1960- _gСергей Викторович _8rus _3RU\NLR\AUTH\7761385 _7ca |
|
| 701 | 1 |
_aРевнова _bМ. О. _gМария Олеговна |
|
| 701 | 1 |
_aКондратьева _bЕ. И. _gЕлена Ивановна |
|
| 856 | 4 |
_lVNP_UCHZ _tVIEW _uhttps://webservices.nlr.ru/viewer/file?name=a022581677_002.txt _yАннотация |
|
| 856 | 4 |
_lVNP_UCHZ _tVIEW _uhttps://webservices.nlr.ru/viewer/file?name=p022581677_003.jpg _x001 _yСтраница |
|
| 856 | 4 |
_lVNP_UCHZ _tVIEW _uhttps://webservices.nlr.ru/viewer/file?name=p022581677_004.jpg _x002 _yСтраница |
|
| 856 | 4 |
_lVNP_UCHZ _tVIEW _uhttps://webservices.nlr.ru/viewer/file?name=p022581677_005.jpg _x003 _yСтраница |
|
| 856 | 4 | 1 |
_lVNP_UCHZ _tVIEW _uhttps://webservices.nlr.ru/viewer/file?name=t022581677_001.jpg _yОбложка |
| 942 | _cBOOK | ||
| 980 | 4 | _aVNP_UCHZ | |
| 980 | _aNB | ||